<?xml version="1.0" encoding="UTF-8"?>
<record
    xmlns:xsi="http://www.w3.org/2001/XMLSchema-instance"
    xsi:schemaLocation="http://www.loc.gov/MARC21/slim http://www.loc.gov/standards/marcxml/schema/MARC21slim.xsd"
    xmlns="http://www.loc.gov/MARC21/slim">

  <leader>01887nam a22001457a 4500</leader>
  <datafield tag="999" ind1=" " ind2=" ">
    <subfield code="c">533265</subfield>
    <subfield code="d">533265</subfield>
  </datafield>
  <controlfield tag="008">260506b           ||||| |||| 00| 0 eng d</controlfield>
  <datafield tag="100" ind1=" " ind2=" ">
    <subfield code="a">Espinosa, Ignacio Riquelme and Steinert, Isidora Urrutia </subfield>
    <subfield code="9">60388</subfield>
  </datafield>
  <datafield tag="245" ind1=" " ind2=" ">
    <subfield code="a">From the street to the courtroom: The material bridge between law and everyday life</subfield>
  </datafield>
  <datafield tag="260" ind1=" " ind2=" ">
    <subfield code="a">Social &amp; Legal Studies </subfield>
  </datafield>
  <datafield tag="300" ind1=" " ind2=" ">
    <subfield code="a">35(2), Apr, 2026: p.183-211</subfield>
  </datafield>
  <datafield tag="520" ind1=" " ind2=" ">
    <subfield code="a">Legal consciousness studies have demonstrated that law manifests in diverse forms and spaces beyond formal institutions, permeating the everyday lives of individuals. However, this growing body of work often overlooks the role of objects and non-human agents in shaping legal experiences. Adopting a micro-sociological perspective, this article bridges legal consciousness and material culture studies by examining how objects mediate the process of problematization&#x2014;understanding everyday life through the lens of law. Drawing on a judicial ethnography conducted in 2017 in Chilean family courts processing domestic violence cases, we analyze three seemingly mundane objects: a legal text kiosk near the courthouse, televisions broadcasting institutional videos, and magazines in the waiting area adjacent to the courtroom. These objects mark the transition from public to legal spaces and forge connections between everyday life and legality. Our findings reveal that materiality underpins the emergence of legal power, transforming domestic violence into a legal dispute while preserving unproblematic aspects of daily life.-Reproduced 

https://journals.sagepub.com/doi/abs/10.1177/09646639251339110?_gl=1*ew5wkz*_up*MQ..*_ga*MTc0MDE2NzQ5MC
4xNzc4MDU4MTYy*_ga_60R758KFDG*czE3NzgwNTgxNjEkbzEkZzEkdDE3NzgwNTgxNzAkajUxJGwwJGgzMDI1NDM2MjY.</subfield>
  </datafield>
  <datafield tag="650" ind1=" " ind2=" ">
    <subfield code="a">Legal consciousness, Chile, Domestic violence, Courts, Materiality. </subfield>
    <subfield code="9">60389</subfield>
  </datafield>
  <datafield tag="773" ind1=" " ind2=" ">
    <subfield code="a">Social &amp; Legal Studies </subfield>
  </datafield>
  <datafield tag="942" ind1=" " ind2=" ">
    <subfield code="c">AR</subfield>
  </datafield>
  <datafield tag="952" ind1=" " ind2=" ">
    <subfield code="0">0</subfield>
    <subfield code="1">0</subfield>
    <subfield code="2">ddc</subfield>
    <subfield code="4">0</subfield>
    <subfield code="7">0</subfield>
    <subfield code="9">408435</subfield>
    <subfield code="a">IIPA</subfield>
    <subfield code="b">IIPA</subfield>
    <subfield code="d">2026-05-06</subfield>
    <subfield code="h">35(2), Apr, 2026: p.183-211</subfield>
    <subfield code="p">AR138777</subfield>
    <subfield code="r">2026-05-06</subfield>
    <subfield code="y">AR</subfield>
  </datafield>
</record>
